000 00391nam a22001697a 4500
005 20160628143744.0
008 160628b xxu||||| |||| 00| 0 eng d
020 _a81-7167-592-1
041 _aeng
082 _b10598
100 _aWilde, Oscar
_93073
245 _aThe Picture of Dorian Gray
260 _bRupa Clasics
_c2004
300 _a268
650 _aManagement
_9241
942 _cBK
999 _c4462
_d4461